IFM Opac

The Money Supply and the Exchange rate (Record no. 13045)

MARC details
000 -LEADER
fixed length control field 00434nam a22001577a 4500
020 ## - INTERNATIONAL STANDARD BOOK NUMBER
International Standard Book Number 0198771681
082 ## - DEWEY DECIMAL CLASSIFICATION NUMBER
Classification number 332.40 941 MON
100 ## - MAIN ENTRY--PERSONAL NAME
Personal name Eltis, W.A.
9 (RLIN) 2738
245 ## - TITLE STATEMENT
Title The Money Supply and the Exchange rate
260 ## - PUBLICATION, DISTRIBUTION, ETC.
Place of publication, distribution, etc. Northern Ireland
Name of publisher, distributor, etc. Clarendon Press
300 ## - PHYSICAL DESCRIPTION
Extent 364p.ill.;23cm
500 ## - GENERAL NOTE
General note Including Index
650 ## - SUBJECT ADDED ENTRY--TOPICAL TERM
Topical term or geographic name entry element The money supply and the exchange rate
9 (RLIN) 2739
700 ## - ADDED ENTRY--PERSONAL NAME
Personal name Sinclair, P.J.N.
9 (RLIN) 2740
942 ## - ADDED ENTRY ELEMENTS (KOHA)
Koha item type Books
Holdings
Withdrawn status Lost status Damaged status Not for loan Collection code Home library Current library Shelving location Date acquired Total Checkouts Full call number Barcode Date last seen Price effective from Koha item type
        Non-fiction IFM Main Campus Library IFM Main Campus Library Archival Collection 09/10/2021   332.40 941 MON 0000000797 10/27/2015 02/19/2022 Books